| 000 | 00822cab a2200265 4500 | ||
|---|---|---|---|
| 001 | WB3418-42 | ||
| 008 | 090401t1998 xxu||||| |||| 00| 0 eng d | ||
| 035 | _a(Sirsi) u86172 | ||
| 041 | _aeng | ||
| 245 | _aHall fall down | ||
| 260 | _c1998 | ||
| 350 | _a0 | ||
| 490 |
_aEstates Gazette _v(9819) 9 May 1998, 162(1) |
||
| 520 | _aDiscusses the exceptions to the law concerning obligations to neighbours and the potential liability to pay damages. Case law. | ||
| 650 | _aDAMAGES | ||
| 650 | _aGOLDMAN V HARGRAVE | ||
| 650 | _aHOLBECK HALL HOTEL LTD V SCARBOROUGH BC | ||
| 650 | _aLEAKEY V NATIONAL TRUST FOR PLACES OF HISTORIC INTEREST OR NATURAL BEA | ||
| 650 | _aLIABILITY | ||
| 650 | _aNEGLIGENCE | ||
| 650 | _aNEIGHBOURS | ||
| 690 | _aPROPERTY LAW AND PRACTICE | ||
| 942 | _n0 | ||
| 948 | _c13/05/1998 | ||
| 999 |
_c54207 _d54207 |
||